Дело об изыскании средств для издания сочинения доктора медицинских наук профессора Л.А. Струве о проказообразной болезни кожи, ...

Доступно только в Электронных читальных залах Найти на картеНа карте
RUSMARC
00004619nmc2a2200000 x 450
001009707bc-3c27-4c54-b526-cfb47cf2b568
00520170113133220.0
100##$a20140508l18241837k l0rusy0189 ca
1010#$arus
102##$aRU
2001#$aДело об изыскании средств для издания сочинения доктора медицинских наук профессора Л.А. Струве о проказообразной болезни кожи, распостраненной в 1-ой четверти 19 века в Прибалтийских губерниях, о распостранении этого сочинения и о смерти Л.А. Струве
$j22 октября 1824 г. - 3 ноября 1837 г.
251##$cДело
300##$aДело
300##$aОриг. заголовок дела: Дело по представлению попечителя Дерптского учебного округа с препровождением плана профессора Струве, для исследования распространившейся в Остзейских губерниях проказообразной болезни и об издании им сочинения о накожных болезнях. 22 октября 1824 г. - 3 ноября 1837 г
801#0$aRU
$bРГИА
$c20140508
$gRCR
801#1$aRU
$bГлавНИВЦ
$c20140508
$2rusmarc
801#2$aRU
$bПБ им. Б.Н. Ельцина
$c20170113
$gRCR
$2rusmarc
850##$aРГИА
852##$aРГИА
$eФедеральное казенное учреждение "Российский государственный исторический архив" (РГИА)
$j364
937##$hРГИА
$d11170020
$aASBIBLIO_SCAN
462#0$10015faafd89-1df2-4e8f-a0ba-1d8a620713c6
$12001
$aДела Департамента народного просвещения по Дерптскому учебному округу за 1802-1836 гг.
$1251
$cОпись
$1852
$j56
461#0$1001a74412a3-3cc5-4d21-8f0a-dfe2fbd9e72d
$12001
$aДепартамент народного просвещения Министерства народного просвещения (1803-1917)
$1251
$cФонд
$1852
$j733
215##$a194 л.
$d36,5х26 см
371##$aДокумент не является опубликованным и широко распространяемым
105##$ay###
1222#$ad
5171#$aДело по представлению попечителя Дерптского учебного округа с препровождением плана профессора Струве, для исследования распространившейся в Остзейских губерниях проказообразной болезни и об издании им сочинения о накожных болезнях. 22 октября 1824 г. - 3 ноября 1837 г
035##$a009707bc-3c27-4c54-b526-cfb47cf2b568
856##$uhttp://readingroom.main.prlib.ru/item.aspx?id_node=n94249075&mode=full
Формат отображения